000 00357nam a2200133Ia 4500
005 20260326100032.0
008 260326s9999||||xx |||||||||||||| ||und||
100 _aPréstamo, Felipe J.
245 0 _aCuba Arquitectura y Urbanismo /
_cFelipe J. Préstamo
260 _bEdiciones Universal
300 _a476 p.
650 _aARQUITECTURA REGIONAL
942 _cBK
999 _c6650
_d6650